|
|
|
|
| LEADER |
00000nab#a22000007a#4500 |
| 001 |
arbauad011717 |
| 003 |
AR-BaUAD |
| 005 |
20250711111209.0 |
| 008 |
950606|||||||||###||||||b###|0###a|spa|| |
| 040 |
|
|
|a AR-BaUAD
|c AR-BaUAD
|b spa
|
| 100 |
|
|
|a Beacham, Frank
|
| 245 |
|
|
|a Movies of the future :
|b storytelling with computers /
|c Frank Beacham;
|
| 300 |
0 |
|
|b p. 36-37, 39-44, 47-48: il., fot.
|
| 653 |
|
|
|a CINE
|
| 653 |
|
|
|a STORYBOARDS
|
| 653 |
|
|
|a COMPUTACION
|
| 773 |
0 |
|
|t AMERICAN CINEMATOGRAPHER
|g v. 76, Nº4 [abr. 1995]
|
| 942 |
|
|
|c ARTI
|
| 952 |
|
|
|0 0
|1 0
|4 0
|7 0
|9 56637
|a AR-BAuAD
|b AR-BAuAD
|d 2025-07-11
|l 0
|p AAQA011717
|r 2025-07-11 11:12:09
|w 2025-07-11
|y ARTI
|
| 990 |
|
|
|a C199
|b TD
|
| 998 |
|
|
|a AAQ
|b BIBUN76
|
| 999 |
|
|
|c 36310
|d 36310
|